LEADER 01736nam 2200421Ia 450 001 996384135903316 005 20221108052314.0 035 $a(CKB)1000000000587711 035 $a(EEBO)2248514618 035 $a(OCoLC)12950725 035 $a(EXLCZ)991000000000587711 100 $a19851223d1699 uy | 101 0 $aeng 135 $aurbn||||a|bb| 200 10$aSome reflections on that part of a book called Amyntor, or, The defence of Milton's life, which relates to the writings of the primitive fathers and the canon of the New Testament$b[electronic resource] $ein a letter to a friend 210 $aLondon $cPrinted for James Knapton ...$d1699 215 $a47, [1] p 300 $aWritten by Samuel Clarke. Cf. DNB, NUC pre-1956, BM. 300 $aAccessing Early English books, 1641-1700, 1981, v. 2, gives title as: Reflections on that part of a book called Amyntor. 300 $aAdvertisement: p. [1] at end. 300 $aReproduction of original in Huntington Library and Cambridge University Library. 300 $aEntries for C4498A and R703 cancelled in Wing (2nd ed.). 320 $aIncludes bibliographical references. 330 $aeebo-0216 606 $aApocryphal books (New Testament) 615 0$aApocryphal books (New Testament) 700 $aClarke$b Samuel$f1675-1729.$0148543 801 0$bEAA 801 1$bEAA 801 2$bm/c 801 2$bEAA 801 2$bOCL 801 2$bUMI 801 2$bWaOLN 906 $aBOOK 912 $a996384135903316 996 $aSome reflections on that part of a book called Amyntor, or, The defence of Milton's life, which relates to the writings of the primitive fathers and the canon of the New Testament$92385270 997 $aUNISA LEADER 03731nam 2200997z- 450 001 9910743272803321 005 20230911 035 $a(CKB)5690000000228580 035 $a(oapen)doab113917 035 $a(EXLCZ)995690000000228580 100 $a20230920c2023uuuu -u- - 101 0 $aeng 135 $aurmn|---annan 181 $ctxt$2rdacontent 182 $cc$2rdamedia 183 $acr$2rdacarrier 200 00$aAdsorption Technology for Water and Wastewater Treatments 210 $cMDPI - Multidisciplinary Digital Publishing Institute$d2023 215 $a1 online resource (232 p.) 311 08$a3-0365-8584-2 330 $aThe presence of pollutants (i.e., emerging contaminants, radionuclides, potential toxic metals, dyes, etc.) in water has a negative impact on the environment and presents a potential health risk for inhabitants. Among the existing technologies (i.e., advanced oxidation process, membrane filtration, biodegradation, etc.) that are used to remove them from water, adsorption has garnered significant interest due to its low cost and fast removal. The development of advanced materials and their application for water treatments have recently caught the attention of researchers.This reprint aimed to establish updated information on adsorption technology for water and wastewater treatments. The submissions selected for this SI focus on (1) applying reality technology for water and wastewater treatments and (2) exploring detailed adsorption mechanisms using current data (i.e., comparing changes in the properties of adsorbents before and after adsorption using appropriate techniques). 606 $aChemistry$2bicssc 606 $aResearch & information: general$2bicssc 610 $aactivated carbon 610 $aadsorption 610 $aadsorption kinetics 610 $aadsorption mechanism 610 $aalgae 610 $aantimony 610 $aartificial intelligence 610 $abioremediation 610 $acapacitive deionization 610 $acaptopril 610 $acarbon nanomaterials 610 $acatalysts regeneration 610 $achromium 610 $aclays 610 $acoagulation sludge 610 $aconducting polymers 610 $aCr (VI) management 610 $adifferent clays 610 $adyes 610 $aemerging pollutant 610 $afactorial design 610 $afluorine removal 610 $agray wolf optimizer 610 $aheavy metals 610 $ahydrophytes 610 $ahydroxy-iron 610 $aisotherm 610 $ak-nearest neighbor 610 $akinetics 610 $alinear method 610 $amachine learning 610 $amagnetic Fe-C-N composite 610 $amagnetite 610 $amechanism 610 $amesoporous carbon 610 $amineral pollutant 610 $amodeling 610 $amodelling 610 $ananocomposites 610 $anitrogen doping 610 $anonlinear method 610 $aolive mills wastewater 610 $apharmaceuticals 610 $aphenol 610 $aphenol adsorption 610 $aphysics-statistics modeling 610 $apseudo-second-order model 610 $apyrolyzation 610 $areduction 610 $asepiolite 610 $astatistical physics 610 $asugarcane bagasse 610 $awastewater 610 $awastewater treatment 610 $awater treatment 610 $azinc oxide 610 $aZr-doped G-C3N4 615 7$aChemistry 615 7$aResearch & information: general 906 $aBOOK 912 $a9910743272803321 996 $aAdsorption Technology for Water and Wastewater Treatments$93560526 997 $aUNINA